Gaming Quiz

Random Gaming or Grab Bag Quiz

Multi-Category Gaming Blitz Quiz Stats

Quiz Updated Jul 23, 2015

Challenge
Share
Tweet
Embed
Score 0/30 Timer 04:00
7 Plays Today
Hint Answer % Correct
Begins with PPawn
95.6%
Begins with PPac-Man
90%
Begins with PPikachu
85.6%
Four-Letter GamingPlum
82.8%
Begins with PPennsylvania
82.3%
Poker TerminologyFull House
78.4%
Four-Letter GamingSega
75.1%
Nintendo Characters by DescriptionDonkey Kong
74.2%
Poker TerminologyPot
70.5%
Four-Letter GamingDuke
69.9%
Risk TerritoriesArgentina...
67.9%
Poker TerminologyHigh card
67.6%
Nintendo Characters by DescriptionPeach
66.5%
Nintendo Characters by DescriptionYoshi
64.5%
Begins with PParker Brothers
63.2%
Hint Answer % Correct
First Person ShootersGoldeneye 007
61.3%
Poker TerminologyRiver
60.1%
Nintendo Characters by DescriptionBowser
55.6%
Nintendo Characters by DescriptionToad
54.8%
Risk TerritoriesIceland...
52.7%
Poker TerminologyBlinds
48.2%
Four-Letter GamingHalo
47.4%
Risk TerritoriesSiam
47%
First Person ShootersPortal
40.2%
Risk TerritoriesScandinavia
38.8%
First Person ShootersDoom
37.9%
First Person ShootersHalf-Life
34.5%
First Person ShootersBioShock
28.4%
Risk TerritoriesKamchatka
22.3%
Four-Letter GamingLudo
16.9%

You're not logged in!

Compare scores with friends on all Sporcle quizzes.
Join for Free
OR
Log In

You Might Also Like...

Show Comments

Extras

Top Quizzes Today


Score Distribution

Your Account Isn't Verified!

In order to create a playlist on Sporcle, you need to verify the email address you used during registration. Go to your Sporcle Settings to finish the process.

Report this User

Report this user for behavior that violates our Community Guidelines.

Details: